Edible Food - Sudden Death - Statistics

General Stats
  • This quiz has been taken 681 times
  • The average score is 3 of 13
Answers on the Grid
Answers color-coded by a green-red scale on the quiz's grid according to % correct below.
holly berries
dough that includes flour and eggs
bread with a small spot of mold on it
milk that expired a week ago
jack-o'-lantern mushroom (pictured)
5 teaspoons of nutmeg
green (unripe) potatoes
raw cashews
seawater
dog food
sand
wood
cooked livers of polar bears
dry ice
raw pumpkin seeds
raw champignon mushrooms
tap water from a Japanese public bathroom
pigeon meat
cooked or fried tarantulas
fried rattlesnake
boiled starfish legs
marmite
petals of pot marigolds
rose petals
banana peel
chewing gum
unroasted coffee beans
 
Answer Stats
Answer % Correct
marmite
37%
pigeon meat
32%
chewing gum
26%
raw pumpkin seeds
25%
rose petals
25%
banana peel
23%
cooked or fried tarantulas
23%
fried rattlesnake
21%
tap water from a Japanese public bathroom
15%
raw champignon mushrooms
8%
unroasted coffee beans
8%
boiled starfish legs
7%
petals of pot marigolds
6%
No matching quizzes found
Score Distribution
Percent of People with Each Score
Percentile by Number Answered
Your Score History
You have not taken this quiz